<?xml version="1.0" encoding="UTF-8"?>
<collection xmlns="http://www.loc.gov/MARC21/slim">
 <record>
  <leader>00775nam a2200169 a 4500</leader>
  <controlfield tag="001">1/30007</controlfield>
  <controlfield tag="008">990316s1997    lu            001 0 eng d</controlfield>
  <datafield tag="020" ind1=" " ind2=" ">
   <subfield code="a">9282802094</subfield>
  </datafield>
  <datafield tag="035" ind1=" " ind2=" ">
   <subfield code="l">32142</subfield>
  </datafield>
  <datafield tag="082" ind1="0" ind2="0">
   <subfield code="a">KET 341.59 EEC</subfield>
  </datafield>
  <datafield tag="245" ind1="0" ind2="0">
   <subfield code="a">74/441/EEC:</subfield>
   <subfield code="b">Commission Decision of 25 July 1974 relating to the setting-up of a Joint Committee on Social Problems in Sea Fishing</subfield>
  </datafield>
  <datafield tag="260" ind1=" " ind2=" ">
   <subfield code="a">Λουξεμβούργο:</subfield>
   <subfield code="b">Υπηρεσία Επισήμων Εκδόσεων των Ευρωπαικών Κοινοτήτων,</subfield>
   <subfield code="c">1997</subfield>
  </datafield>
  <datafield tag="300" ind1=" " ind2=" ">
   <subfield code="a">58 σ. ;</subfield>
   <subfield code="c">30 εκ.</subfield>
  </datafield>
  <datafield tag="650" ind1=" " ind2="4">
   <subfield code="a">Fishery</subfield>
   <subfield code="x">Law and legislation</subfield>
   <subfield code="z">European Union countries.</subfield>
  </datafield>
  <datafield tag="710" ind1="2" ind2=" ">
   <subfield code="a">European Commission.</subfield>
  </datafield>
  <datafield tag="830" ind1=" " ind2=" ">
   <subfield code="a">Collection of consolidated texts.</subfield>
  </datafield>
  <datafield tag="852" ind1=" " ind2=" ">
   <subfield code="a">INST</subfield>
   <subfield code="b">UNIPILB</subfield>
   <subfield code="c">KET</subfield>
   <subfield code="e">20060419</subfield>
   <subfield code="h">KET 341.59 EEC</subfield>
   <subfield code="p">00144406</subfield>
   <subfield code="q">00144406</subfield>
   <subfield code="t">LOAN</subfield>
   <subfield code="y">0</subfield>
   <subfield code="4">1</subfield>
  </datafield>
 </record>
</collection>
